000 00559nam a22002177a 4500
003 OSt
005 20260312020055.0
008 171128b xxu||||| |||| 00| 0 eng d
020 _a9789351528463
040 _cDNLM
050 _aQS4 S64a 2015
100 _aKumar, Singh Ajay
_912261
245 _aAnatomy and Physiology: for paramedics and nurses
250 _a2nd ed.
260 _aNew Delhi; Jaypee, 2015
300 _axv,225p; ill: 20cm
504 _aIndex included
650 _aAnatomy
_9124
650 _aPhysiology
_9215
942 _2z
_cB_BANK
_01
999 _c5886
_d5886